000 00872nam a2200253Ia 4500
003 OSt
005 20221005112218.0
006 a|||||r|||| 00| 0
007 ta
008 221004b |||||||| |||| 00| 0 pan d
020 _a8171435726 (hbk)
_c120
024 _a5523
037 _b730, 27/06/2013, H.K. Prakashan
_cTextual
040 _aCRL
_cCRL
_bpan
041 _2pan
_apan
082 _aQ8441wK66, 153Q2
100 _aਕੁਲਵੰਤ ਸਿੰਘ
245 0 _aਚੰਡੀ ਦੀ ਵਾਰ
_b ਪਾਠ ਤੇ ਵਿFਲੇFਣ
260 _aਅੰਮ੍ਰਿਤਸਰ
_bਰਵੀ ਸਾਹਿਤ ਪ੍ਰਕਾFਨ ਭਾਰਤ
_c2012
300 _a120ਪੰ
_ccm.
650 _aਧਰਮ
942 _hQ8441wK66, 153Q2
_cTEXL
_2cc
999 _c1024205
_d1024205